Transferencia de calor y masa: (Registro nro. 29608)
[ vista simple ]
| 000 -LÍDER | |
|---|---|
| fixed length control field | 00662nam a22002177a 4500 |
| 003 - IDENTIFICADOR DEL NÚMERO DE CONTROL | |
| control field | ITZ |
| 005 - FECHA Y HORA DE LA ULTIMA TRANSACCIÓN | |
| Campo de control | 20250508131034.0 |
| 008 - ELEMENTOS DE LONGITUD FIJA -- INFORMACIÓN GENERAL | |
| fixed length control field | 250508b |||||||| |||| 00| 0 spa d |
| 020 ## - NÚMERO INTERNACIONAL NORMALIZADO PARA LIBROS | |
| ISBN | 978-607-15-1461-5 |
| 035 ## - Número de ficha (Janium) | |
| Número de ficha (Janium) | 17893 |
| 041 ## - CÓDIGO DE IDIOMA | |
| Código de idioma para texto/pista de sonido o título separado | Spa |
| 050 ## - SIGNATURA TOPOGRAFICA DE LA BIBLIOTECA DEL CONGRESO (LC) | |
| Número de Clasificación | TJ260 |
| Cutter | C4618 2020 |
| 082 ## - NUMERO DE CLASIFICACION DECIMAL DEWEY | |
| Número de Clasificación | 621.402.2 |
| Cutter | C395tf 2020 |
| 100 1# - ASIENTO PRINCIPAL--NOMBRE PERSONAL | |
| Nombre personal | Cengel, Yunus A. |
| 245 ## - TÍTULO | |
| Título | Transferencia de calor y masa: |
| Parte restante del título | fundamentos y aplicaciones / |
| Mención de responsabilidad, etc. | Yunus A. Cengel |
| 250 ## - MENCIÓN DE EDICIÓN | |
| Mención de edición | 4 ed. en español, 6 ed. en ingles |
| 260 ## - PUBLICACIÓN, DISTRIBUCIÓN, ETC. (PIE DE IMPRENTA) | |
| Lugar de publicación, distribución, etc. | México: |
| Nombre del editor, distribuidor, etc. | Mc Graw Hill, |
| Fecha de publicación, distribución, etc. | 2020. |
| 300 ## - DESCRIPCIÓN FÍSICA | |
| Extensión | xxv, 1012 p. |
| Otros detalles físicos | il. / |
| Dimensiones | 26 cm. |
| 650 ## - ASIENTO SECUNDARIO DE MATERIA - TERMINO TEMÁTICO | |
| Término temático o nombre geográfico como elemento de entrada | 1. CALOR - TRASMISIÓN \ 2. APLICACIONES INDUSTRIALES |
| 942 ## - TIPO DE MATERIAL (KOHA) | |
| Koha item type | Libros |
| No. biblioteca | No. biblioteca | Número de clasificación | Código de barras/Número de adquisición | Número de copia | Tipo de material | Otras carreras |
|---|---|---|---|---|---|---|
| ÁREA DE ELECTROMECÁNICA | ÁREA DE QUÍMICA | 621.402.2 C395tf 2020 | 55366 | 1 | Libros | LUIS G. INCLAN |
| ÁREA DE ELECTROMECÁNICA | ÁREA DE QUÍMICA | 621.402.2 C395tf 2020 | 55367 | 2 | Libros | LUIS G. INCLAN |
